000 00766nam a2200265Ia 4500
003 OSt
005 20220924114805.0
006 a|||||r|||| 00| 0
007 ta
008 220923b |||||||| |||| 00| 0 ara d
020 _a9771722377 (pbk)
020 _c150
024 _a281381
037 _b608, 06/09/2014, Nadwi Publications
_cTextual
040 _aARTS
_cARTS
_bara
041 _2ara
_aara
082 _aO28,2NISx, Q2
100 _aIsmaiel Azuddin Au.
_9175387
245 0 _aObra al Sultan al haer
260 _aCairo
_bDarul Gharib
_c2012
300 _a103p.
_ccm.
650 _aARABIC DRAMA
942 _hO28,2NISx, Q2
_cTEXL
_2CC
999 _c395295
_d395295